| 000 | 02104nam a22001577a 4500 | ||
|---|---|---|---|
| 999 |
_c527872 _d527872 |
||
| 008 | 241001b ||||| |||| 00| 0 eng d | ||
| 100 |
_aMalhotra, Charru and Malhotra, Udbhav _959041 |
||
| 245 | _aPutting interests of digital Nagriks first: Digital personal data protection (DPDP) act 2023 of India | ||
| 260 | _aIndian Journal of Public Administration | ||
| 300 | _a70(3), Sep, 2024: p.516-531 | ||
| 520 | _aThe increasing application of artificial intelligence (AI) and the extensive collection, storage and analysis of personal data by service providers have heightened privacy concerns. To address unauthorised use and potential misuse of personal information, the Government of India introduced the Digital Personal Data Protection (DPDP) Act on 11 August 2023 aimed at enhancing the living standards of its digital citizens, termed as ‘digital nagriks’ in this study. This research evaluates the DPDP Act’s impact on digital nagriks across six sections, starting with an introduction to the necessity of privacy legislation and an overview of global privacy laws from countries like Singapore, the European Union and China. It then explores the origin and fundamental aspects of the DPDP Act, leveraging the literature to critically analyse its implications for privacy. The study presents observations on the Act’s current state, recommends adjustments for balancing privacy with innovation and security and highlights the need for stronger enforcement mechanisms to protect digital nagriks effectively. It concludes that while the DPDP Act is a positive advancement, explicit exceptions in future regulations could further refine this balance.- Reproduced https://journals.sagepub.com/doi/full/10.1177/00195561241271575 | ||
| 650 |
_aPrivacy, Data protection, Data principal, General data protection regulation (EU-GDPR) of eupnoea union, The personal data act (PDPA) of Singapore, Personal information protection law (PIPL) and data security law (DSL) of China. _947927 |
||
| 773 | _aIndian Journal of Public Administration | ||
| 906 | _aCYBER SECURITY | ||
| 942 | _cAR | ||